| 000 | 00566nam a2200181 i 4500 | ||
|---|---|---|---|
| 001 | 118055 | ||
| 003 | ES-MaACL | ||
| 005 | 20250814092004.0 | ||
| 007 | t| | ||
| 008 | 070214s1956 sp r ||||1| spa d | ||
| 100 | 1 |
_aPereyra, Miguel. _990543 |
|
| 245 | 1 | 3 |
_aEl lenguaje del cine _b: su técnica, su estilo, su arte / _cMiguel Pereyra. |
| 260 |
_aMadrid : _bAguilar ; _aZarauz : _bIcharopena, _c1956. |
||
| 300 |
_aXII, 227 p. : _bil. ; _c21 cm. |
||
| 650 | 7 |
_aLenguaje cinematográfico _2embne _9171063 |
|
| 852 |
_aES-MaACL _jC-11507 |
||
| 999 |
_c118055 _d118055 |
||